| 000 | 00365nam a2200157Ia 4500 | ||
|---|---|---|---|
| 008 | 231217s9999 xx 000 0 und d | ||
| 041 | _aEnglish | ||
| 082 | _a001.64404 TAN;6 | ||
| 100 | _aTanenbaum, Andrew S. | ||
| 245 | 0 | _aComputer networks | |
| 250 | _a2nd ed. | ||
| 260 |
_c1988 _bPHI |
||
| 300 | _axv+658 | ||
| 650 | _aNetworks,computer | ||
| 942 | _cAA | ||
| 999 |
_c164687 _d164687 |
||